Leading through conflict : (Record no. 8611)
[ view plain ]
| 000 -LEADER | |
|---|---|
| fixed length control field | 01422nac a22002771u 4500 |
| 010 ## - LIBRARY OF CONGRESS CONTROL NUMBER | |
| LC control number | 2005030892 |
| 020 ## - INTERNATIONAL STANDARD BOOK NUMBER | |
| International Standard Book Number | 159139919X |
| 020 ## - INTERNATIONAL STANDARD BOOK NUMBER | |
| International Standard Book Number | 9781591399193 |
| 035 ## - SYSTEM CONTROL NUMBER | |
| System control number | (OCoLC)ocm62161234 |
| 082 00 - DEWEY DECIMAL CLASSIFICATION NUMBER | |
| Classification number | 658.4092 |
| Item number | GER |
| 090 ## - LOCALLY ASSIGNED LC-TYPE CALL NUMBER (OCLC); LOCAL CALL NUMBER (OCLC) | |
| -- | 8611 |
| -- | 8611 |
| 100 ## - MAIN ENTRY--PERSONAL NAME | |
| Personal name | Gerzon, Mark. |
| 245 10 - TITLE STATEMENT | |
| Title | Leading through conflict : |
| Remainder of title | how successful leaders transform differences into opportunities / |
| Statement of responsibility, etc | Mark Gerzon. |
| 260 ## - PUBLICATION, DISTRIBUTION, ETC. (IMPRINT) | |
| Place of publication, distribution, etc | Boston, Mass. : |
| Name of publisher, distributor, etc | Harvard Business School,c2006. |
| Date of publication, distribution, etc | c2006. |
| 300 ## - PHYSICAL DESCRIPTION | |
| Extent | xii, 273 p. : |
| Other physical details | ill. ; |
| Dimensions | 25 cm. |
| 440 #0 - | |
| -- | Leadership for the common good |
| 500 ## - GENERAL NOTE | |
| General note | Distributer: Baccah. |
| 504 ## - BIBLIOGRAPHY, ETC. NOTE | |
| Bibliography, etc | Includes bibliographical references (p. [245]-263) and index. |
| 505 0# - FORMATTED CONTENTS NOTE | |
| Formatted contents note | pt. I: Three faces of leadership. The demagogue ; The manager ; The mediator -- pt. 2: Eight tools for the leader as mediator. Integral vision ; Systems thinking ; Presence ; Inquiry ; Conscious communication ; Dialogue ; Bridging ; Innovation -- Conclusion: Transforming conflict into opportunity -- Appendix: When conflict erupts : guidelines in times of crisis. |
| 511 ## - PARTICIPANT OR PERFORMER NOTE | |
| Participant or performer note | Catalogued By: Mahitab. |
| 650 #0 - SUBJECT ADDED ENTRY--TOPICAL TERM | |
| Topical term or geographic name as entry element | Conflict management. |
| 650 #0 - SUBJECT ADDED ENTRY--TOPICAL TERM | |
| Topical term or geographic name as entry element | Leadership. |
| 856 41 - ELECTRONIC LOCATION AND ACCESS | |
| Materials specified | Table of contents |
| Uniform Resource Identifier | <a href="http://www.loc.gov/catdir/toc/ecip062/2005030892.html">http://www.loc.gov/catdir/toc/ecip062/2005030892.html</a> |
| 942 ## - ADDED ENTRY ELEMENTS (KOHA) | |
| Item type | Book - Borrowing |
| Call number prefix | 658.4092GER |
| Withdrawn status | Item status | Damaged status | Not for loan | Home library | Current library | Shelving location | Date acquired | Source of acquisition | Total Checkouts | Total Renewals | Full call number | Barcode | Date last seen | Date last borrowed | Koha item type |
|---|---|---|---|---|---|---|---|---|---|---|---|---|---|---|---|
| Central Library | Central Library | First floor | 08/03/2016 | Purchase | 9 | 6 | 658.4092GER | 000010597 | 15/07/2025 | 21/02/2016 | Book - Borrowing |